000 00364nam a22001577a 4500
005 20160426155123.0
008 160426b xxu||||| |||| 00| 0 eng d
020 _a81-7808-425-2
041 _aeng
082 _b00173
100 _aAdriaans, Pieter
_978
245 _aData Mining
260 _aNew Delhi
_bPearson Prantics Hall,
_c2003
300 _a158
942 _cBK
999 _c52
_d52